[Event "I Festival Master"]
[Site "Lignano Sabbiadoro ITA"]
[Date "2015.08.02"]
[Round "3"]
[White "Von Wantoch, Markus"]
[Black "Bodiroga, Predrag"]
[WhiteElo "1997"]
[BlackElo "2342"]
[Result "0-1"]
[PlyCount "134"]
[EventDate "2015.08.01"]

1. e4 c6 2. d4 d5 3. exd5 cxd5 4. Bd3 Nc6 5. c3 Qc7 6. Ne2 Bg4 7. Bf4 Qd7 8.
Nd2 Nf6 9. h3 Bh5 10. O-O e6 11. Re1 Bd6 12. Bxd6 Qxd6 13. Qb1 Bg6 14. Ng3 O-O
15. Nf3 b5 16. Ne5 b4 17. Bxg6 hxg6 18. Nxc6 Qxc6 19. Rc1 bxc3 20. Rxc3 Qb6 21.
Ne2 Rab8 22. b3 Ne4 23. Rd3 Qa6 24. Nc3 Nd6 25. Na4 Rfc8 26. Nc5 Qb5 27. a4 Qa5
28. Qe1 Qxe1+ 29. Rxe1 Nf5 30. Rc1 Rb4 31. Rcd1 Rxd4 32. Rxd4 Nxd4 33. Rxd4
Rxc5 34. Rb4 Rc1+ 35. Kh2 Rc7 36. Rb8+ Kh7 37. a5 d4 38. Rd8 e5 39. b4 Rb7 40.
Rd5 f6 41. f4 exf4 42. Rxd4 g5 43. g3 fxg3+ 44. Kxg3 Kg6 45. Rc4 Rb5 46. Kf3 a6
47. Rd4 Kf5 48. Rc4 Kg6 49. Kg3 Kh5 50. Kf3 Rb7 51. Rd4 Rb8 52. Rc4 Kg6 53. Kg3
Kf5 54. Kf3 Rb7 55. Rc5+ Ke6 56. Rc6+ Ke5 57. Rc5+ Kd4 58. Rc6 Rxb4 59. Rxa6
Ke5 60. Ra7 Ra4 61. a6 Kf5 62. Ra8 Ra3+ 63. Kg2 Kf4 64. a7 Ra2+ 65. Kf1 g4 66.
hxg4 Kxg4 67. Ke1 f5 0-1

[Event "I Festival Master"]
[Site "Lignano Sabbiadoro ITA"]
[Date "2015.08.02"]
[Round "3"]
[White "Zamar Kodelja, Jurij"]
[Black "Boscolo, Marco"]
[WhiteElo "1973"]
[BlackElo "2095"]
[Result "1/2-1/2"]
[PlyCount "81"]
[EventDate "2015.08.01"]

1. d4 d5 2. c4 c6 3. Nf3 e6 4. e3 Nf6 5. b3 Bd6 6. Bb2 Nbd7 7. Bd3 O-O 8. Nbd2
Qe7 9. Ne5 Ba3 10. Bxa3 Qxa3 11. f4 c5 12. O-O cxd4 13. exd4 b6 14. Qc2 Qd6 15.
Ndf3 dxc4 16. bxc4 Bb7 17. Qb2 Rac8 18. Rad1 Be4 19. Bxe4 Nxe4 20. Rfe1 f5 21.
Nxd7 Qxd7 22. Ne5 Qe7 23. Rd3 Rfd8 24. Red1 Rd6 25. Qa3 Qc7 26. Qa4 Rcd8 27.
Qb5 Nf6 28. h3 Rc8 29. Rc1 Nd7 30. Kh1 Rd8 31. Rcd1 Nf6 32. a4 Ne4 33. Kg1 Rf8
34. a5 Rc8 35. axb6 axb6 36. Ra1 Qd8 37. Ra7 Qh4 38. Qa6 Qf2+ 39. Kh2 Qxf4+ 40.
Kg1 Qf2+ 41. Kh2 1/2-1/2

[Event "I Festival Master"]
[Site "Lignano Sabbiadoro ITA"]
[Date "2015.08.03"]
[Round "4"]
[White "Balzan, Marco"]
[Black "Solomon, Kenny"]
[WhiteElo "1954"]
[BlackElo "2380"]
[Result "0-1"]
[PlyCount "64"]
[EventDate "2015.08.01"]

1. e4 g6 2. d4 Bg7 3. Nf3 d6 4. Nc3 a6 5. a4 b6 6. Bc4 e6 7. O-O Ne7 8. Be3 h6
9. Qd2 Bb7 10. Rad1 Nd7 11. Rfe1 Kf8 12. h3 Kg8 13. Bf4 Kh7 14. Bb3 Rf8 15. Qe3
Qe8 16. Bg3 Rb8 17. Nb1 e5 18. c3 f5 19. dxe5 fxe4 20. Nd4 Nxe5 21. Bxe5 Bxe5
22. Ne6 Nf5 23. Qe2 Rf7 24. Nd2 d5 25. f4 Bd6 26. Nd4 Nxd4 27. cxd4 Rxf4 28.
Nf1 Qe7 29. Ne3 Qg5 30. Rf1 Qg3 31. Rxf4 Bxf4 32. Nf1 Qxb3 0-1

[Event "I Festival Master"]
[Site "Lignano Sabbiadoro ITA"]
[Date "2015.08.03"]
[Round "4"]
[White "Belli, Giorgio"]
[Black "Vuelban, Virgilio"]
[WhiteElo "2027"]
[BlackElo "2349"]
[Result "0-1"]
[PlyCount "132"]
[EventDate "2015.08.01"]

1. e4 c5 2. Nf3 d6 3. d4 cxd4 4. Nxd4 Nf6 5. f3 Nc6 6. c4 e6 7. Nc3 Be7 8. Be3
O-O 9. Be2 a6 10. Qd2 Qc7 11. O-O Nb8 12. Rac1 Nbd7 13. Rfd1 b6 14. Qe1 Bb7 15.
Qf2 Rac8 16. g4 Ne5 17. g5 Nfd7 18. f4 Nc6 19. Kh1 Nxd4 20. Bxd4 Rfe8 21. b3
Bc6 22. Be3 Qb7 23. Bf3 b5 24. Nd5 Bf8 25. cxb5 axb5 26. Qg2 b4 27. Nf6+ Nxf6
28. gxf6 g6 29. h4 Rcd8 30. h5 Qb5 31. Be2 Qb7 32. Bf3 Qa6 33. hxg6 fxg6 34. f5
exf5 35. Rxc6 Qxc6 36. exf5 d5 37. fxg6 Qxf6 38. gxh7+ Kxh7 39. Qh3+ Bh6 40.
Bc1 Re5 41. Rf1 Rf5 42. Bb2 Qe6 43. Kh2 Rdf8 44. Bd4 Qd6+ 45. Kh1 Qe7 46. Kh2
Rxf3 47. Rxf3 Qe2+ 48. Rf2 Rxf2+ 49. Bxf2 Qxf2+ 50. Kh1 Qe1+ 51. Kh2 Qe5+ 52.
Kh1 Qa1+ 53. Kh2 Qxa2+ 54. Kh1 Qb1+ 55. Kh2 Qc2+ 56. Kh1 Qc1+ 57. Kh2 Qc7+ 58.
Kh1 Qc1+ 59. Kh2 Qc2+ 60. Kh1 Qe4+ 61. Kh2 Kg6 62. Qg3+ Kh5 63. Kg1 Qe3+ 64.
Kh1 Bf4 65. Qf2 Qh3+ 66. Kg1 Be3 0-1

[Event "I Festival Master"]
[Site "Lignano Sabbiadoro ITA"]
[Date "2015.08.03"]
[Round "4"]
[White "Bodiroga, Predrag"]
[Black "Ballista, Massimiliano"]
[WhiteElo "2342"]
[BlackElo "2002"]
[Result "1-0"]
[PlyCount "69"]
[EventDate "2015.08.01"]

1. d4 d5 2. c4 e6 3. Nf3 Nf6 4. Nc3 Be7 5. Qc2 O-O 6. cxd5 exd5 7. Bg5 c6 8. e3
Ne4 9. Nxe4 dxe4 10. Bxe7 Qxe7 11. Nd2 f5 12. Be2 Be6 13. O-O Nd7 14. Rfc1 Rfc8
15. Nb3 b6 16. Qd1 Qf7 17. Rc3 c5 18. dxc5 Bxb3 19. axb3 Nxc5 20. Bc4 Ne6 21.
Qd6 Re8 22. Rd1 Kh8 23. Rd5 Rad8 24. Qe5 Nc5 25. Qxf5 Qxf5 26. Rxf5 g6 27. Rf7
Nd3 28. h3 Nxb2 29. Rxa7 Nxc4 30. Rxc4 Rd1+ 31. Kh2 Rd2 32. Rcc7 Rxf2 33. Rxh7+
Kg8 34. Rag7+ Kf8 35. Rxg6 1-0

[Event "I Festival Master"]
[Site "Lignano Sabbiadoro ITA"]
[Date "2015.08.03"]
[Round "4"]
[White "Boscolo, Marco"]
[Black "Lupo, Francesco"]
[WhiteElo "2095"]
[BlackElo "1919"]
[Result "1-0"]
[PlyCount "103"]
[EventDate "2015.08.01"]

1. d4 d5 2. c4 e6 3. Nc3 Nf6 4. cxd5 exd5 5. Bg5 Be7 6. Qc2 c6 7. e3 Nbd7 8.
Bd3 O-O 9. Nf3 Re8 10. O-O Nf8 11. Rab1 Bg4 12. Ne5 Bh5 13. b4 N6d7 14. Bxe7
Qxe7 15. Nxd7 Qxd7 16. b5 Bg6 17. bxc6 Qxc6 18. Bxg6 hxg6 19. Qb3 Red8 20. Rfc1
b6 21. Nb5 Qd7 22. Rc7 Qf5 23. Rxa7 Rac8 24. Rc7 Ra8 25. Qc2 Ne6 26. Rc6 Ra5
27. Qxf5 gxf5 28. Nc3 Rb8 29. Rcxb6 Rxb6 30. Rxb6 f4 31. Kf1 fxe3 32. fxe3 Kf8
33. Ke2 Ke8 34. a4 Nc7 35. Kd2 Kd7 36. Kc2 Kc8 37. Kb3 Na8 38. Rb5 Rxb5+ 39.
Nxb5 Nb6 40. Nc3 Kb7 41. a5 Nc4 42. Nxd5 Nxa5+ 43. Kb4 Nc6+ 44. Kc5 Na5 45. h4
Kc8 46. Kd6 Kd8 47. Ke5 Nc4+ 48. Kf4 Kd7 49. e4 Kd6 50. g4 Nb2 51. h5 Nd3+ 52.
Ke3 1-0

[Event "I Festival Master"]
[Site "Lignano Sabbiadoro ITA"]
[Date "2015.08.03"]
[Round "4"]
[White "Franceschi, Riccardo"]
[Black "Bergamasco, Tommaso"]
[WhiteElo "2054"]
[BlackElo "2042"]
[Result "1/2-1/2"]
[PlyCount "163"]
[EventDate "2015.08.01"]

1. e4 e6 2. d4 d5 3. e5 b6 4. c3 Qd7 5. Ne2 Ba6 6. g3 c5 7. Bh3 Nc6 8. Be3 cxd4
9. cxd4 Bb4+ 10. Nbc3 Bxc3+ 11. bxc3 Nge7 12. O-O Na5 13. f4 Rc8 14. Bd2 Bd3
15. Rf2 O-O 16. Nc1 Be4 17. Qe2 Qa4 18. Be1 Rc7 19. g4 g6 20. Bg2 Bxg2 21. Rxg2
Nec6 22. Qf2 f5 23. exf6 Rxf6 24. Nd3 Rcf7 25. Qe3 Nc4 26. Qe2 g5 27. f5 exf5
28. gxf5 Rxf5 29. Bh4 h6 30. Bg3 Ne7 31. Re1 Qc6 32. h4 Qf6 33. Be5 Qc6 34. Qg4
Rf1+ 35. Rxf1 Rxf1+ 36. Kh2 Ne3 37. Qe2 Nxg2 38. Qxf1 Nxh4 39. Bg3 Nhf5 40. Qe1
Qg6 41. Qe2 Nxg3 42. Kxg3 Qf6 43. Kg2 Ng6 44. Qe8+ Kg7 45. Ne5 Nxe5 46. dxe5
Qf7 47. Qc8 Qe7 48. Qf5 b5 49. e6 a6 50. Qe5+ Kg6 51. Qxd5 Kf6 52. c4 bxc4 53.
Qd4+ Kf5 54. Qd5+ Kf6 55. Qd4+ Kxe6 56. Qxc4+ Kf5 57. Qxa6 Qe4+ 58. Kg3 Qe3+
59. Kg2 h5 60. Qf1+ Kg4 61. Qd1+ Kf4 62. Qxh5 Qd2+ 63. Kf1 Qxa2 64. Qh3 Qb1+
65. Kf2 Qc2+ 66. Kf1 Qd1+ 67. Kf2 Qd4+ 68. Kg2 Qe4+ 69. Kf2 Qd4+ 70. Kg2 Qd5+
71. Kf2 Qc5+ 72. Kg2 Qc6+ 73. Kf2 Qb6+ 74. Kg2 Qb2+ 75. Kf1 Qc1+ 76. Kf2 Qd2+
77. Kf1 Qe3 78. Qh2+ Qg3 79. Qxg3+ Kxg3 80. Kg1 Kf4 81. Kf2 g4 82. Kg2 1/2-1/2

[Event "I Festival Master"]
[Site "Lignano Sabbiadoro ITA"]
[Date "2015.08.03"]
[Round "4"]
[White "Kazakov, Mikhail"]
[Black "Drasko, Milan"]
[WhiteElo "2491"]
[BlackElo "2439"]
[Result "1/2-1/2"]
[PlyCount "35"]
[EventDate "2015.08.01"]

1. d4 e6 2. c4 Nf6 3. Nc3 Bb4 4. e3 O-O 5. Bd3 d5 6. Nf3 c5 7. O-O dxc4 8. Bxc4
Bd7 9. Qe2 Bc6 10. Rd1 Nbd7 11. Bd2 a6 12. a3 Bxf3 13. Qxf3 cxd4 14. exd4 Bxc3
15. bxc3 b5 16. Bb3 Nb6 17. Bg5 h6 18. Bh4 1/2-1/2

[Event "I Festival Master"]
[Site "Lignano Sabbiadoro ITA"]
[Date "2015.08.03"]
[Round "4"]
[White "Lattuada, Davide"]
[Black "Luciani, Valerio"]
[WhiteElo "1948"]
[BlackElo "2249"]
[Result "0-1"]
[PlyCount "130"]
[EventDate "2015.08.01"]

1. e4 d6 2. d4 Nf6 3. Nc3 c6 4. Bg5 Nbd7 5. Qd2 e5 6. O-O-O Be7 7. f4 O-O 8.
Nf3 Qc7 9. dxe5 dxe5 10. fxe5 Nxe5 11. Qf4 Nfg4 12. h3 Bxg5 13. Qxg5 Nxf3 14.
gxf3 Nf2 15. Rg1 f6 16. Qh4 Nxd1 17. Bc4+ Kh8 18. Nxd1 Bd7 19. f4 g5 20. fxg5
fxg5 21. Qh6 Qf4+ 22. Kb1 Rf6 23. Qh5 Be8 24. Qe2 Bg6 25. Rg4 Qf3 26. Qd2 Bh5
27. Be2 Bxg4 28. Bxf3 Bxf3 29. b3 Bxd1 30. Qxd1 Raf8 31. Qd4 b6 32. e5 Re6 33.
Qd7 Rxe5 34. Qxa7 b5 35. Qc7 Rfe8 36. Qxc6 Kg7 37. Qd7+ R8e7 38. Qd4 h5 39. a4
bxa4 40. Qxa4 Re4 41. Qa5 Kg6 42. Qa6+ R7e6 43. Qd3 g4 44. hxg4 hxg4 45. b4 Kg5
46. Qd8+ Kf4 47. Qf8+ Ke3 48. c3 g3 49. Qf1 Rg6 50. Qg2 Rf4 51. Qg1+ Rf2 52.
Qe1+ Kd3 53. Qe5 Rff6 54. Qd4+ Ke2 55. Kc2 g2 56. Qd3+ Kf2 57. Qd4+ Kg3 58.
Qe5+ Rf4 59. Qe3+ Kg4 60. Qe2+ Kh4 61. Qe1+ Rg3 62. Qe7+ Kh3 63. Qh7+ Rh4 64.
Qf5+ Kh2 65. Qf2 Rhh3 0-1

[Event "I Festival Master"]
[Site "Lignano Sabbiadoro ITA"]
[Date "2015.08.03"]
[Round "4"]
[White "Lodici, Lorenzo"]
[Black "Muller, Etienne"]
[WhiteElo "2348"]
[BlackElo "2167"]
[Result "1-0"]
[PlyCount "67"]
[EventDate "2015.08.01"]

1. d4 Nf6 2. c4 g6 3. f3 Bg7 4. e4 d6 5. Ne2 O-O 6. Be3 Nbd7 7. Qd2 c5 8. d5
Ne5 9. Nec3 e6 10. Be2 exd5 11. cxd5 Re8 12. O-O a6 13. a4 h5 14. h3 Ned7 15.
Kh1 Nf8 16. Na3 N8h7 17. Nc4 h4 18. Bf4 Nh5 19. Bxd6 Ng3+ 20. Bxg3 hxg3 21. Qf4
Nf6 22. Qd6 Bd7 23. e5 Nh5 24. f4 Bf8 25. Qb6 Qh4 26. e6 Rxe6 27. dxe6 Bxe6 28.
f5 gxf5 29. Ne5 Nf4 30. Nf3 Qh6 31. Ng1 Re8 32. Qc7 Nxh3 33. Nxh3 Bd5 34. Qxg3+
1-0

[Event "I Festival Master"]
[Site "Lignano Sabbiadoro ITA"]
[Date "2015.08.03"]
[Round "4"]
[White "Micottis, Dorian"]
[Black "Lazic, Miroljub"]
[WhiteElo "2228"]
[BlackElo "2466"]
[Result "1/2-1/2"]
[PlyCount "114"]
[EventDate "2015.08.01"]

1. Nf3 d5 2. g3 Nc6 3. d4 Bf5 4. Bg2 Nb4 5. Na3 c6 6. c3 Na6 7. O-O Nf6 8. c4
e6 9. Qb3 Qc8 10. Bf4 Be7 11. Rac1 O-O 12. Nb5 dxc4 13. Rxc4 Qd8 14. Na3 Qb6
15. Rcc1 Qxb3 16. axb3 Be4 17. Nc4 Nd5 18. Bd6 Rfd8 19. Bxe7 Nxe7 20. Rfd1 Nb4
21. Ne1 Bxg2 22. Kxg2 f6 23. Nd3 Nxd3 24. Rxd3 Nd5 25. Kf3 Rd7 26. Ra1 Nc7 27.
Rd2 Rad8 28. e3 Nb5 29. Ke2 Kf7 30. h4 Rd5 31. Rdd1 Ke7 32. Na3 a6 33. Nc4 Nd6
34. Ra3 Rb5 35. Nd2 Nc8 36. Ne4 Nd6 37. Nc5 e5 38. dxe5 fxe5 39. Na4 Rd5 40.
Raa1 Ne4 41. Rxd5 Rxd5 42. Nc3 Rd2+ 43. Ke1 Nc5 44. Kxd2 Nxb3+ 45. Kd3 Nxa1 46.
Ke4 Ke6 47. f4 Nb3 48. fxe5 Nd2+ 49. Kf4 b5 50. b4 Nc4 51. Ne4 Kd5 52. Nc5 Nxe5
53. e4+ Kd6 54. Nb7+ Ke6 55. Nc5+ Kd6 56. Nb7+ Ke6 57. Nc5+ Kd6 1/2-1/2

[Event "I Festival Master"]
[Site "Lignano Sabbiadoro ITA"]
[Date "2015.08.03"]
[Round "4"]
[White "Simonetto, Adriano"]
[Black "Zamar Kodelja, Jurij"]
[WhiteElo "2065"]
[BlackElo "1973"]
[Result "1-0"]
[PlyCount "133"]
[EventDate "2015.08.01"]

1. d4 Nf6 2. c4 c5 3. d5 b5 4. cxb5 a6 5. bxa6 g6 6. Nc3 Bxa6 7. Nf3 Bg7 8. e4
Bxf1 9. Kxf1 d6 10. g3 O-O 11. Kg2 Nbd7 12. a4 Qb6 13. Qe2 Rfb8 14. Bd2 Ne8 15.
Rhb1 Nc7 16. Ra3 Qa6 17. Qd1 Rb6 18. Qc2 Rab8 19. Bg5 h6 20. Be3 Rb4 21. Nd2
Ne5 22. Na2 R4b7 23. b4 Nb5 24. axb5 Qxa3 25. bxc5 dxc5 26. Rb3 Qa4 27. Nc3 Qa7
28. b6 Qa5 29. Rb5 Qa1 30. Nb3 Qa3 31. Bxc5 Qa6 32. Bd4 Nd7 33. Bxg7 Kxg7 34.
Qd3 Rxb6 35. Qd4+ Kh7 36. Nc5 Nxc5 37. Rxc5 Rb4 38. Qe5 Qd6 39. Qxd6 exd6 40.
Rc6 R4b6 41. Rc7 R8b7 42. Rc8 Kg7 43. f4 Rb2+ 44. Kf3 Rc2 45. Ke3 Re7 46. h4 f5
47. Kd3 Rg2 48. e5 Rxg3+ 49. Kc4 Rg4 50. exd6 Rxf4+ 51. Kd3 Rf3+ 52. Kd4 Rf4+
53. Kc5 Rf7 54. Rc7 Rf3 55. Nb5 Rf1 56. d7 Rxd7 57. Rxd7+ Kf6 58. d6 Rc1+ 59.
Kd5 f4 60. Nd4 Rd1 61. Rd8 Kf7 62. Ke5 g5 63. hxg5 hxg5 64. Rd7+ Ke8 65. Rg7
Kd8 66. Ne6+ Ke8 67. Re7# 1-0

[Event "I Festival Master"]
[Site "Lignano Sabbiadoro ITA"]
[Date "2015.08.03"]
[Round "4"]
[White "Somborski, Nebojsa"]
[Black "Solinas, Carlo"]
[WhiteElo "2326"]
[BlackElo "1987"]
[Result "1-0"]
[PlyCount "84"]
[EventDate "2015.08.01"]

1. e4 e5 2. Nf3 Nc6 3. Bb5 f5 4. Nc3 fxe4 5. Nxe4 d5 6. Nxe5 dxe4 7. Nxc6 Qd5
8. c4 Qd6 9. Nxa7+ Bd7 10. Bxd7+ Qxd7 11. Nb5 c6 12. Qh5+ g6 13. Qe5+ Kf7 14.
Qd4 Qe7 15. Qxh8 Nf6 16. b3 Rd8 17. Bb2 Bg7 18. Ba3 Qd7 19. Nd6+ Ke6 20. Qxd8
Qxd8 21. Nxb7 Qc7 22. Nc5+ Kf7 23. Rb1 Qa5 24. Na4 Ng4 25. Bc5 Bh6 26. O-O Bf4
27. g3 Bb8 28. f3 exf3 29. Rxf3+ Kg7 30. Bd4+ Kh6 31. Be3+ Nxe3 32. dxe3 Qd2
33. Rb2 Qc1+ 34. Kg2 Be5 35. Rbf2 g5 36. h3 Kg6 37. Nc5 Qd1 38. g4 h5 39. Ne4
hxg4 40. hxg4 Qd7 41. Rf5 Bg7 42. Rxg5+ Kh7 1-0

[Event "I Festival Master"]
[Site "Lignano Sabbiadoro ITA"]
[Date "2015.08.03"]
[Round "4"]
[White "Vita, Fabrizio"]
[Black "Pegoraro, Nicola"]
[WhiteElo "2058"]
[BlackElo "1918"]
[Result "1-0"]
[PlyCount "69"]
[EventDate "2015.08.01"]

1. c4 e6 2. Nc3 f5 3. Nf3 Nf6 4. g3 Be7 5. Bg2 O-O 6. O-O d6 7. d4 Qe8 8. Qc2
Nc6 9. d5 Nb4 10. Qb3 Na6 11. dxe6 Nc5 12. Qc2 Bxe6 13. Ng5 Bc8 14. b4 Na6 15.
a3 h6 16. Nh3 c6 17. Bb2 Be6 18. Qd3 Qf7 19. Nf4 Ng4 20. Nxe6 Qxe6 21. Nd5 Ne5
22. Qc3 Kh7 23. f4 cxd5 24. Bxd5 Qd7 25. fxe5 dxe5 26. Rad1 Qc8 27. Qf3 Qc7 28.
Bxb7 e4 29. Bxe4 fxe4 30. Qxe4+ Kh8 31. c5 Bxc5+ 32. bxc5 Qxc5+ 33. Bd4 Qh5 34.
Qc6 Qg4 35. Ra1 1-0

[Event "I Festival Master"]
[Site "Lignano Sabbiadoro ITA"]
[Date "2015.08.04"]
[Round "5"]
[White "Ballista, Massimiliano"]
[Black "Balzan, Alessandro"]
[WhiteElo "2002"]
[BlackElo "2079"]
[Result "1/2-1/2"]
[PlyCount "81"]
[EventDate "2015.08.01"]

1. e4 c5 2. Nf3 d6 3. d4 cxd4 4. Nxd4 Nf6 5. Nc3 a6 6. Be3 e6 7. g3 Be7 8. Bg2
O-O 9. O-O Qc7 10. a4 Nc6 11. Nxc6 bxc6 12. a5 Nd7 13. f4 Bb7 14. g4 d5 15. Na4
Rad8 16. exd5 cxd5 17. Qd2 Nc5 18. Qf2 Nxa4 19. Rxa4 Rc8 20. c3 Bc5 21. f5 Bxe3
22. Qxe3 Qc5 23. Qxc5 Rxc5 24. fxe6 fxe6 25. Rb4 Rxf1+ 26. Bxf1 Bc8 27. Rb6 Kf7
28. Bxa6 Bd7 29. Rb7 Ke8 30. b4 Rxc3 31. Bb5 Bxb5 32. Rxb5 Kd7 33. a6 Rc7 34.
Rb6 e5 35. Rb5 Kc6 36. Rc5+ Kd6 37. Ra5 Ra7 38. Kf2 Kc6 39. Ke3 Kd6 40. Kd3 Kc6
41. Ke3 1/2-1/2

[Event "I Festival Master"]
[Site "Lignano Sabbiadoro ITA"]
[Date "2015.08.04"]
[Round "5"]
[White "Balzan, Marco"]
[Black "Lattuada, Davide"]
[WhiteElo "1954"]
[BlackElo "1948"]
[Result "1-0"]
[PlyCount "71"]
[EventDate "2015.08.01"]

1. e4 c5 2. c3 d5 3. exd5 Qxd5 4. d4 Nc6 5. Nf3 Nf6 6. Be2 e6 7. O-O Be7 8. h3
O-O 9. Be3 cxd4 10. cxd4 b6 11. Nc3 Qd7 12. Qd2 Bb7 13. a3 Rac8 14. Rac1 Nd5
15. Nxd5 Qxd5 16. b4 Rfd8 17. Rfd1 Bf6 18. Bc4 Qh5 19. Be2 Qd5 20. Qd3 Ne7 21.
Rc3 Rxc3 22. Qxc3 Rc8 23. Qd3 Nf5 24. Bf1 Nd6 25. Bf4 Ne4 26. Rc1 Rxc1 27. Bxc1
Ng5 28. Ne5 Be7 29. Qc3 Bd6 30. Bxg5 f6 31. Bxf6 gxf6 32. Ng4 Kg7 33. Qe3 Qf5
34. Bd3 Qf4 35. Qxe6 Bc6 36. Ne3 1-0

[Event "I Festival Master"]
[Site "Lignano Sabbiadoro ITA"]
[Date "2015.08.04"]
[Round "5"]
[White "Bergamasco, Tommaso"]
[Black "Poliakov, Artem"]
[WhiteElo "2042"]
[BlackElo "2054"]
[Result "1/2-1/2"]
[PlyCount "99"]
[EventDate "2015.08.01"]

1. d4 d6 2. Nf3 g6 3. c4 Bg7 4. Nc3 e5 5. e4 exd4 6. Nxd4 Nc6 7. Be3 Nge7 8.
Be2 O-O 9. O-O f5 10. f3 f4 11. Bf2 Nxd4 12. Bxd4 Nc6 13. Bxg7 Kxg7 14. Qd2 Be6
15. Rfd1 Qg5 16. Nd5 Bxd5 17. cxd5 Ne5 18. Rac1 Qe7 19. Qb4 b6 20. Ba6 Rf7 21.
Rc2 Rg8 22. Rdc1 Qd8 23. Be2 h5 24. Qa4 a5 25. Rc3 Kh7 26. Qc2 Rgg7 27. a3 g5
28. h3 Kg8 29. b4 axb4 30. axb4 g4 31. fxg4 hxg4 32. Bxg4 f3 33. gxf3 Nxf3+ 34.
Kg2 Ne5 35. Rg3 Nxg4 36. hxg4 Rf4 37. Qe2 Qe7 38. Re1 Rg5 39. Qa6 Qe8 40. Qe2
Qe5 41. Qa6 Qe8 42. Qe2 Qg6 43. Qa6 Rf8 44. Qe2 Re8 45. Qf3 Rf8 46. Qe2 Rf7 47.
Qa6 Qf6 48. Qe2 Qe5 49. Qe3 b5 50. Rf1 1/2-1/2

[Event "I Festival Master"]
[Site "Lignano Sabbiadoro ITA"]
[Date "2015.08.04"]
[Round "5"]
[White "Boscolo, Marco"]
[Black "Micottis, Dorian"]
[WhiteElo "2095"]
[BlackElo "2228"]
[Result "0-1"]
[PlyCount "34"]
[EventDate "2015.08.01"]

1. Nf3 Nf6 2. c4 g6 3. g3 Bg7 4. Bg2 O-O 5. O-O d5 6. d4 dxc4 7. Ne5 c5 8. dxc5
Qc7 9. Nxc4 Qxc5 10. Nbd2 Nc6 11. b3 Rd8 12. Ba3 Qh5 13. e3 Bg4 14. f3 Bh3 15.
Bb2 Bxg2 16. Kxg2 b5 17. Na3 Nd5 0-1

[Event "I Festival Master"]
[Site "Lignano Sabbiadoro ITA"]
[Date "2015.08.04"]
[Round "5"]
[White "Drasko, Milan"]
[Black "Lodici, Lorenzo"]
[WhiteElo "2439"]
[BlackElo "2348"]
[Result "1-0"]
[PlyCount "61"]
[EventDate "2015.08.01"]

1. Nf3 f5 2. g3 Nf6 3. d4 g6 4. c3 Bg7 5. Qb3 e6 6. Bg2 Nc6 7. O-O d5 8. c4
dxc4 9. Qxc4 Nd5 10. Rd1 O-O 11. Nc3 Nb6 12. Qb3 h6 13. e4 fxe4 14. Nxe4 Kh7
15. Be3 Nd5 16. Rac1 Nce7 17. Ne5 b6 18. f4 Bd7 19. Bf2 Be8 20. Qd3 a5 21. h4
Kg8 22. Qe2 Nf5 23. Nc3 Rc8 24. Nc6 Qd7 25. Nxd5 exd5 26. g4 Qd6 27. gxf5 Bxc6
28. Qe6+ Qxe6 29. fxe6 Bb7 30. e7 Rf5 31. Rxc7 1-0

[Event "I Festival Master"]
[Site "Lignano Sabbiadoro ITA"]
[Date "2015.08.04"]
[Round "5"]
[White "Luciani, Valerio"]
[Black "Bodiroga, Predrag"]
[WhiteElo "2249"]
[BlackElo "2342"]
[Result "0-1"]
[PlyCount "47"]
[EventDate "2015.08.01"]

1. d4 Nf6 2. c4 c5 3. d5 e5 4. Nc3 d6 5. e4 Nbd7 6. Bd3 g6 7. Nge2 Nh5 8. g4
Ng7 9. h4 h5 10. g5 Be7 11. Rg1 O-O 12. Be3 a6 13. Qd2 Rb8 14. O-O-O Nb6 15. f4
exf4 16. Bxf4 Nd7 17. e5 Nxe5 18. Bxe5 dxe5 19. Bxg6 fxg6 20. d6 Be6 21. Qd3
Nf5 22. dxe7 Qxe7 23. Qe4 Bf7 24. Nf4 0-1

[Event "I Festival Master"]
[Site "Lignano Sabbiadoro ITA"]
[Date "2015.08.04"]
[Round "5"]
[White "Muller, Etienne"]
[Black "Simonetto, Adriano"]
[WhiteElo "2167"]
[BlackElo "2065"]
[Result "1/2-1/2"]
[PlyCount "50"]
[EventDate "2015.08.01"]

1. Nf3 d5 2. c4 e6 3. e3 Nf6 4. b3 Be7 5. Bb2 O-O 6. Nc3 c5 7. cxd5 Nxd5 8.
Nxd5 Qxd5 9. Bc4 Qf5 10. Ne5 Nd7 11. g4 Qg5 12. h4 Qh6 13. g5 Bxg5 14. Rg1 Nxe5
15. Rxg5 f6 16. Rh5 Qg6 17. Bxe5 fxe5 18. Rg5 Qf6 19. Qg4 Qxf2+ 20. Kd1 Qf3+
21. Qxf3 Rxf3 22. Rxe5 b6 23. Kc2 Kf7 24. Bd3 Bb7 25. Rg1 h6 1/2-1/2

[Event "I Festival Master"]
[Site "Lignano Sabbiadoro ITA"]
[Date "2015.08.04"]
[Round "5"]
[White "Pegoraro, Nicola"]
[Black "Nester, Ihor"]
[WhiteElo "1918"]
[BlackElo "2254"]
[Result "0-1"]
[PlyCount "83"]
[EventDate "2015.08.01"]

1. e4 d6 2. d4 Nf6 3. Nc3 e5 4. dxe5 dxe5 5. Qxd8+ Kxd8 6. Bg5 c6 7. Bc4 Ke8 8.
Nf3 Nbd7 9. a3 Bd6 10. h3 Nc5 11. Bxf6 gxf6 12. O-O-O Bc7 13. Nh4 Be6 14. Be2
a5 15. a4 Ke7 16. Bg4 Rhd8 17. Rxd8 Rxd8 18. Bf5 Bb6 19. Rd1 Nd7 20. Rd2 Bd4
21. Nd1 Nf8 22. c3 Bb6 23. Rxd8 Kxd8 24. Kc2 Ng6 25. Bxe6 fxe6 26. b3 f5 27.
Nxg6 hxg6 28. Kd3 Ke7 29. h4 Kf6 30. g3 g5 31. hxg5+ Kxg5 32. f3 Bc5 33. Ke2
fxe4 34. fxe4 Kg4 35. Nb2 Kxg3 36. Nc4 b6 37. Kd3 Kf4 38. Nd2 b5 39. Nb1 b4 40.
Nd2 bxc3 41. Kxc3 Bb4+ 42. Kd3 0-1

[Event "I Festival Master"]
[Site "Lignano Sabbiadoro ITA"]
[Date "2015.08.04"]
[Round "5"]
[White "Solinas, Carlo"]
[Black "Franceschi, Riccardo"]
[WhiteElo "1987"]
[BlackElo "2054"]
[Result "1-0"]
[PlyCount "77"]
[EventDate "2015.08.01"]

1. e4 c6 2. Nc3 d5 3. Qf3 e6 4. d4 dxe4 5. Nxe4 Nf6 6. Bd3 Nbd7 7. Ne2 Nxe4 8.
Bxe4 Nf6 9. Bd3 Bd6 10. O-O h6 11. c4 Qc7 12. h3 b6 13. d5 cxd5 14. cxd5 Nxd5
15. Qg4 Kf8 16. Bd2 h5 17. Qf3 Bb7 18. Nd4 Nf6 19. Qe2 a6 20. Rac1 Qd7 21. Nf3
Nd5 22. Ne5 Qe7 23. a3 Rd8 24. Nc6 Bxc6 25. Rxc6 Qb7 26. Rc2 a5 27. Be4 Be7 28.
Rfc1 Bf6 29. Qf3 Be5 30. b4 axb4 31. axb4 Qe7 32. Rc8 Bc7 33. Rxd8+ Qxd8 34. b5
Qd6 35. g3 Qd7 36. Ra1 g6 37. Bxg6 Kg7 38. Bxh5 Be5 39. Qg4+ 1-0

[Event "I Festival Master"]
[Site "Lignano Sabbiadoro ITA"]
[Date "2015.08.04"]
[Round "5"]
[White "Solomon, Kenny"]
[Black "Somborski, Nebojsa"]
[WhiteElo "2380"]
[BlackElo "2326"]
[Result "1/2-1/2"]
[PlyCount "61"]
[EventDate "2015.08.01"]

1. e4 e5 2. Nf3 Nc6 3. Bb5 a6 4. Ba4 Nf6 5. O-O Be7 6. Re1 b5 7. Bb3 d6 8. c3
O-O 9. h3 Re8 10. d4 Bb7 11. Nbd2 Bf8 12. a4 h6 13. Bc2 exd4 14. Nxd4 g6 15. b4
d5 16. Nxc6 Bxc6 17. e5 Ne4 18. Nxe4 dxe4 19. Qxd8 Raxd8 20. Bf4 g5 21. Bg3 Bg7
22. axb5 axb5 23. Ra6 Bd5 24. Rd1 c6 25. Rd4 f5 26. exf6 Bxf6 27. Rxd5 Rxd5 28.
Bb3 Kg7 29. Bxd5 cxd5 30. Rc6 e3 31. Kf1 1/2-1/2

[Event "I Festival Master"]
[Site "Lignano Sabbiadoro ITA"]
[Date "2015.08.04"]
[Round "5"]
[White "Vuelban, Virgilio"]
[Black "Vita, Fabrizio"]
[WhiteElo "2349"]
[BlackElo "2058"]
[Result "1-0"]
[PlyCount "53"]
[EventDate "2015.08.01"]

1. d4 Nf6 2. c4 g6 3. Nc3 Bg7 4. e4 d6 5. Be2 O-O 6. Bg5 c5 7. d5 a6 8. Qd2 b5
9. cxb5 Qa5 10. a4 axb5 11. Bxb5 Ba6 12. f3 Nxe4 13. fxe4 Bxc3 14. bxc3 Bxb5
15. Nf3 Nd7 16. Kf2 Bxa4 17. Rhe1 f6 18. Bh6 Rfb8 19. h4 Rb3 20. Qf4 Qxc3 21.
Qg4 Ne5 22. Qe6+ Kh8 23. Rxa4 Rb2+ 24. Kf1 Qd3+ 25. Kg1 Rxg2+ 26. Kh1 Ra2 27.
Nxe5 1-0